| 000 | 00944nam a2200265 i 4500 | ||
|---|---|---|---|
| 001 | bg | ||
| 245 | 0 | 0 |
_aPrace Naukowe Wydziału Mechanicznego Akademii Techniczno-Rolniczej w Bydgoszczy.Z. nr 77 : _bposiedzenie sekcji w Bydgoszczy 27-28 IV 2006 / _cpod red. Huberta Latosia ; Polska Akademia Nauk. Komitet Budowy Maszyn. Sekcja Podstaw Technologii. |
| 260 |
_aBydgoszcz : _bWydawnictwa Uczelniane Akademii Techniczno-Rolniczej, _c2006. |
||
| 300 |
_a83 s. : _bil. ; _c24 cm. |
||
| 500 | _aStreszcz. ang. przy pracach. | ||
| 504 | _aBibliogr. przy pracach. | ||
| 650 | 9 |
_aMaszyny _xtechnologia |
|
| 650 | 9 | _aMetalurgia | |
| 650 | 9 | _aHartowanie | |
| 650 | 9 |
_aSkrawanie _xnarzędzia |
|
| 650 | 9 | _aSpawanie | |
| 700 | 1 |
_aLATOŚ, Hubert. _eRed. |
|
| 020 | _a8389334135 | ||
| 040 | _cBPK | ||
| 041 | 0 |
_apol _beng |
|
| 080 | _a621:621.7:621.9:669 | ||
| 920 | _a83-89334-13-5 | ||
| 942 | _cKS | ||
| 008 | s pl f |000 0 pol | ||
| 999 |
_c53219 _d53219 |
||
| 856 |
_uhttp://koha.tu.koszalin.pl/cgi-bin/koha/opac-detail.pl?biblionumber=53219 _yKatalog online BPK |
||